UBT Library

Clinical management of articulatory and phonologic disorders / (Record no. 47221)

000 -LEADER
fixed length control field 00654pam a2200229 a 4500
001 - CONTROL NUMBER
control field 3351368
005 - DATE AND TIME OF LATEST TRANSACTION
control field 20180820043554.0
008 - FIXED-LENGTH DATA ELEMENTS--GENERAL INFORMATION
fixed length control field 860703s1987 mdua b 001 0 eng c
010 ## - LIBRARY OF CONGRESS CONTROL NUMBER
LC control number 86015936
020 ## - INTERNATIONAL STANDARD BOOK NUMBER
International Standard Book Number 0683089269
040 ## - CATALOGING SOURCE
Original cataloging agency DNLM/DLC
Transcribing agency DLC
Modifying agency DLC
041 ## - LANGUAGE CODE
Language code of text/sound track or separate title eng
060 ## - NATIONAL LIBRARY OF MEDICINE CALL NUMBER
Classification number WV 500 W427c
080 ## - UNIVERSAL DECIMAL CLASSIFICATION NUMBER
Universal Decimal Classification number 616.855
082 00 - DEWEY DECIMAL CLASSIFICATION NUMBER
Classification number 616.855
Edition number 19
100 1# - Rafti
Rafti 3
101 ## - Shkurtesa
Shkurtesa SHM
245 10 - TITLE STATEMENT
Title Clinical management of articulatory and phonologic disorders /
Statement of responsibility, etc Curtis E. Weiss, Mary E. Gordon, Herold S. Lillywhite.
504 ## - BIBLIOGRAPHY, ETC. NOTE
Bibliography, etc Includes bibliographies and index.
906 ## - LOCAL DATA ELEMENT F, LDF (RLIN)
a 7
b cbc
c orignew
d 1
e ocip
f 19
g y-gencatlg
942 ## - ADDED ENTRY ELEMENTS (KOHA)
Source of classification or shelving scheme
Item type Books
Holdings
Withdrawn status Lost status Source of classification or shelving scheme Damaged status Not for loan Collection code Permanent location Current location Shelving location Date acquired Total Checkouts Full call number Barcode Date last seen Price effective from Koha item type
          Koleksioni i përgjithshem UBT - Lipjan UBT - Lipjan Koleksioni i përgjithshem 08/20/2018   616.855 WEI 002-3011390 08/20/2018 08/20/2018 Books
UBT Library © 2015-2024. All rights reserved University Education for Business and Technology